Science Quiz

Random Science Quiz

Lasteradioloogia Quiz Stats

 Plays Quiz not verified by Sporcle

Support Sporcle.
Go Orange.
Score 0/30 Timer 10:00
0 Plays Today
seletus mõiste % Correct
vesipeasushüdrotsefaalia
92%
ämblikvõrkkesta alune verejookssubarahnoidaalne hemorraagia
88%
dura materi pealne verejooksepiduraalne hemorraagia
84%
ajupõletikentsefaliit
84%
dura mater-i alune verejookssubduraalne hemorraagia
80%
üksikud laiad ajuvaodpahhigüüria
76%
nahaalune turse ja hematoom, mis tekib sünnitusteedest läbilõikumisel normaalsel vaginaalsel sünnitusel.sünnimuhk
76%
kajavaenehüpoehhogeenne
76%
mõhnkeha puuduminecorpus callosumi ageneesia
72%
ajupoolkera on suurenenudhemimegaentsefaalia
72%
Seljaajukelme songmüelomeningotseele
72%
ajukelme põletikmeningiit
72%
koljusisene verejooksintrakraniaalne hemorraagia
72%
nahaalune rasvkoe kasvlipoom
70.8%
seljaaju pitsuminespinaalstenoos
68%
seletus mõiste % Correct
lülisamba alumise poole ebanormaalne arengkaudaalne regressioon
68%
imikutel esinev hapnikupuudus ajusasfüksia
68%
vatsakestesisene verejooksintraventrikulaarne hemorraagia
68%
mädane kolle ajusaju abstsess
68%
ajukäärude puudumineagüüria
68%
kajarikashüperehhogeenne
66.7%
Gliiakiudude katkemise tõttu satub hallaine nodullaarselt subependümaalsele või laminaarselt valgeainesse poolele teele.heterotoopia
64%
subperiostaalne hematoom, mis ei ületa koljuluude piiretsefaalhematoom
64%
Aju kestade tsüstjas väljavõlvumusmeningotseele
60%
aponeuroosi all paiknev verevalumsubgaleaalne hematoom
56.5%
vesikotjad moodustised ämblikkelmesarahnoidaaltsüstid
56.5%
valgeaine koagulatsiooninekroosperiventrikulaarne leukomalaatsia
56%
hulgaliselt väikseid ajukäärepolümikrogüüria
56%
seljaaju kinnitunud lülikaarte külgetethered cord
52%
Suuraju poolkerasid läbiv lõhe, mille seinad on polümikrogüürilisedskisentsefaalia
48%

You're not logged in!

Compare scores with friends on all Sporcle quizzes.
OR
Log In

From the Vault

Most Quotable Actors

by nppyinzer

Usually it turns out that we've been misquoting them the entire time.
Remove Ads.
Support Sporcle.
Get the best of Sporcle when you Go Orange. This ad-free experience offers more features, more stats, and more fun while also helping to support Sporcle. Thank you for becoming a member.

Show Comments

Extras

Created Oct 22, 2013ReportNominate

Top Quizzes Today


Score Distribution

Your Account Isn't Verified!

In order to create a playlist on Sporcle, you need to verify the email address you used during registration. Go to your Sporcle Settings to finish the process.

Report this User

Report this user for behavior that violates our Community Guidelines.

Details: